000 01700nam\a2200301\a\4500
001 57750
005 20260408123917.0
008 201210s2021 nyu b 001 0 eng
020 _a9781543825275
_q(paperback)
020 _z9781543825282
_q(ebook)
040 _aDLC
_beng
_cDLC
_erda
_dBD-DhIUB
082 0 0 _a340.072073
_223
_bS6341b
100 1 _aSloan, Amy E.,
_d1964-
_eauthor.
245 1 0 _aBasic legal research :
_btools and strategies /
_cAmy E. Sloan, Professor of Law, University of Baltimore School of Law.
250 _aEighth edition.
260 _aNew York:
_bWolters Kluwer,
_c2021
300 _axxiii, 294 pages :
_billustrations ;
_c26 cm.
490 0 _aAspen coursebook series
504 _aIncludes bibliographical references and index.
505 0 _aIntroduction to legal research -- Understanding search options -- Generating, prioritizing, and using search terms -- Secondary source research -- Case research -- Research with citators -- Statutory research -- Federal legislative history research -- Federal administrative law research -- Online legal research -- Developing a research plan.
520 _a"Best-selling, concise, accessible textbook for first-year law students in a legal research course, with a classic, source-based approach"--
526 _aSL
_blaw
_lLaw
541 _aKarim
650 0 _aLegal research
_zUnited States.
776 0 8 _iOnline version:
_aSloan, Amy E.
_tBasic legal research.
_bEighth edition.
_dNew York : Wolters Kluwer, [2021]
_z9781543825282
_w(DLC) 2020055978
942 _2ddc
_cBK
999 _c57750
_d57924